000 00876nas a2200289 4500
001 BR2010003996
003 BR-BrBNA
005 20231205114646.0
007 ta
008 230509b bl.|||p| |||| 00| 00por d
040 _aBR-BrBNA
_bpor
_cBiblioteca Nacional de Agricultura
041 _a(Pt)
072 _aH10
100 1 _aRocha, L.C.D.
100 1 _aCarvalho, G.A.
100 1 _aMoura, A.P.
100 1 _aTorres, F.Z.V.
245 1 _aToxicidade de produtos fitossanitários para adultos de Orius insidiosus (Say)(Hemiptera: Antthocoridae)
650 _aPRAGA DE PLANTA
650 _aPESTICIDA
650 _aCONTROLE BIOLÓGICO
650 _aINSETO
650 _aCULTIVO PROTEGIDO
773 0 _tBragantia (Brazil)
_xISSN 0006-8705
_g(Apr-Jun 2006), v. 65(2) p. 309-315
_wBR2010003996
909 _a202311
_bLúcia
_c55
_dLúcia Elande
942 _2AGRIS
_n0
_cANA
999 _c209803
_d209803